| 000 | 00392nam a22001457a 4500 | ||
|---|---|---|---|
| 999 |
_c15187 _d15187 |
||
| 020 | _a0859350436 (Hardcover) | ||
| 022 | _a0890590028 (Hardcover) | ||
| 082 | _a378UNE. | ||
| 100 | _aUNESCO | ||
| 245 | _aWorld Guide to Higher Education | ||
| 260 |
_aNew York _bBowker _c1976. |
||
| 300 | _aXXII,302p. | ||
| 650 |
_aEducation, Higher _aComparative education _aDegrees, Academic |
||
| 942 | _cBK | ||